El machete y la cruz: la sublevación de campesinos en Yucatán
Enregistré dans:
| Auteur principal: | |
|---|---|
| Format: | Livre |
| Langue: | espagnol |
| Publié: |
Ciudad de México
Universidad Nacional Autónoma de México
2005
|
| Sujets: | |
| Tags: |
Ajouter un tag
Pas de tags, Soyez le premier à ajouter un tag!
|
MARC
| LEADER | 00000nam a2200000 a 4500 | ||
|---|---|---|---|
| 001 | UCG2751 | ||
| 003 | CL-VaPUC | ||
| 008 | 100723e20050000MX |||||||||||||||||spa|d | ||
| 020 | |a 9703223095 | ||
| 082 | 0 | 4 | |a 972.06 |b DUM |2 21 |
| 100 | 0 | |a Dumond, Don E |e author |9 551342 | |
| 245 | 1 | 3 | |a El machete y la cruz: la sublevación de campesinos en Yucatán |
| 300 | |a 681 p | ||
| 942 | |c BK | ||
| 945 | |d 20100723 00:00:00 |a mfarfan | ||
| 260 | |a Ciudad de México |b Universidad Nacional Autónoma de México |c 2005 | ||
| 650 | 7 | |a HISTORIA DE MEXICO SIGLO 19 |2 CL-VaPUC |9 406852 | |
| 650 | 7 | |a INDIGENAS MEXICANOS |2 CL-VaPUC |9 342376 | |
| 650 | 7 | |a MAYAS |2 CL-VaPUC |9 267590 | |
| 650 | 7 | |a RELACIONES GUBERNAMENTALES |2 CL-VaPUC |9 551343 | |
| 651 | 0 | |a México |9 255269 | |
| 651 | 7 | |a YUCATAN |2 CL-VaPUC |9 368771 | |
| 583 | |a last modification |c 20160829 04:49:33 |k Rodrigo Vera | ||
| 999 | |c 341877 |d 341875 | ||
| 952 | |0 0 |1 0 |4 0 |6 972_060000000000000_DUM_2005 |7 0 |8 A |9 437686 |a BIBHIS |b BIBHIS |d 2019-11-22 |i 4697936 |o 972.06 DUM 2005 |p 4697936 |r 2025-01-20 |w 2019-11-22 |y BK |k HIS | ||